Christian Education Journal / (Record no. 3563)
[ view plain ]
| 000 -LEADER | |
|---|---|
| fixed length control field | 00432nam a2200121 4500 |
| 008 - FIXED-LENGTH DATA ELEMENTS--GENERAL INFORMATION | |
| fixed length control field | 010211u2001 mu eng |
| 022 ## - INTERNATIONAL STANDARD SERIAL NUMBER | |
| International Standard Serial Number | 02779935 |
| 100 0# - MAIN ENTRY--PERSONAL NAME | |
| Personal name | Perry Downs |
| 245 10 - TITLE STATEMENT | |
| Title | Christian Education Journal / |
| Statement of responsibility, etc | Perry Downs |
| 260 ## - PUBLICATION, DISTRIBUTION, ETC. (IMPRINT) | |
| Place of publication, distribution, etc | 2065 Half Day Road Deerfield IL, 60015, USA : |
| Name of publisher, distributor, etc | Trinity Evangelical Divinity School, |
| Date of publication, distribution, etc | 2001 |
| 440 #0 - SERIES STATEMENT/ADDED ENTRY--TITLE | |
| Title | Christian Education Journal |
| 951 ## - EQUIVALENCE OR CROSS-REFERENCE-GEOGRAPHIC NAME/AREA NAME [OBSOLETE] [CAN/MARC only] | |
| -- | SRS000000000040 |
| -- | 070613110953937 |
| -- | 2000-12-21 |
| Withdrawn status | Lost status | Damaged status | Not for loan | Home library | Current library | Date acquired | Accession number | Shelving control number | Total Checkouts | Date last seen | Price effective from | Koha item type |
|---|---|---|---|---|---|---|---|---|---|---|---|---|
| BSOP Library | BSOP Library | 12/21/2000 | SRS000000000040 | 127 | 02/23/2013 | 02/23/2013 | Books |
